Uṣūl al-ḥaḍārah al-sharqīyah /

محفوظ في:

المؤلف الرئيسي: Fairservis, Walter Ashlin, 1921-1994 (مؤلف)

مؤلفون آخرون: Yassa, Ramzi., ʻAbd al-ʻAlīm, Anwar.

التنسيق: كتاب

اللغة: Arabic
English

سلاسل: Alf kitāb ; 304.

الموضوعات:

الوسوم: إضافة وسم

لا توجد وسوم, كن أول من يضع وسما على هذه التسجيلة!

رقم الطلب: CB251 .F22 1960

LEADER 01596nam a2200337Ia 4500
003 OSt
005 20240229130142.0
008 130303s1960 ua a 000 0 ara d
952 |0 0  |1 0  |2 lcc  |4 0  |6 CB0251 F22 01960  |7 1  |9 45522  |a ARCE  |b ARCE  |d 2023-02-08  |l 0  |o CB251 .F22 1960  |p 1029776  |r 2023-02-08 00:00:00  |w 2023-02-08  |y BK 
999 |c 28926  |d 28926 
010 |a 59008818 
040 |c ARCE Library 
041 1 |a ara  |h eng 
050 4 |a CB251 .F22 1960 
100 1 |a Fairservis, Walter Ashlin,  |d 1921-1994,  |e author  |9 29774 
240 1 0 |a Origins of oriental civilization.  |l Arabic 
245 1 0 |6 880-02  |a Uṣūl al-ḥaḍārah al-sharqīyah /  |c taʾlīf wūltar fīrsirfis ; tarjamat Ramzī Yassá ; murājaʻat Anwar ʻAbd al-ʻAlīm. 
264 1 |a al-Qāhirah :  |b Dār al-Karnak lil-Nashr wa-al-Ṭabʻ wa-al-Tawzīʻ,  |c 1960. 
300 |a 160 pages :   |b illustrations ;   |c 25 cm. 
336 |2 rdacontent  |a text  |b txt 
337 |2 rdamedia  |a unmediated  |b n 
338 |2 rdacarrier  |a volume  |b n 
490 1 |a Alf kitāb ;   |v 304. 
500 |a Translation of : The origins of oriental civilization. 
650 0 |a Civilization, Oriental. 
700 1 |a Yassa, Ramzi. 
700 1 |a ʻAbd al-ʻAlīm, Anwar. 
830 0 |a Alf kitāb ;  |v 304. 
880 1 0 |6 245-02/(3/r  |a أصول الحضارة الشرقية   |c تأليف ولتر فيرسرفس ؛ ترجمة رمزي يسى ؛ مراجعة أنور عبد العليم.‪‪‪‪‪‪‪‪‪‪‪‪‪‪‪‪‪‪‪‪‪‪‪‪‪‪‪‪‪‪‪‪‪‪‪‪‪‪‪‪‪‪‪‪‪‪‪‪‪‪‪ 
901 |a reviewed 
942 |c BK  |2 lcc